00777nam a2200205 i 4500001000300000245012800003260006900131300002800200504002200228650003300250655003000283700003000313700004100343020001500384040000800399041000700407080001800414008004100432856009800473bg00aObliczenia równoległe i rozproszone :bpraca zbiorowa /cpod red. Andrzeja Karbowskiego, Ewy Niewiadomskiej-Szynkiewicz. aWarszawa :bOficyna Wydawnicza Politechniki Warszawskiej,c2001. a431 s. :bil. ;c24 cm. aBibliogr. Indeks. 9aPrzetwarzanie danychxmetody aPodręczniki akademickie1 aKARBOWSKI, Andrzej.eRed.1 aNIEWIADOMSKA-SZYNKIEWICZ, Ewa.eRed. a8372072345 cBPK0 apl a004.62(075.8) s pl f |000 0 pol  uhttp://koha.tu.koszalin.pl/cgi-bin/koha/opac-detail.pl?biblionumber=40644yKatalog online BPK